00758nam a2200169Ia 4500100001900000942000700019654003800026245004000064260003500104546001200139999001700151952008400168952008400252952008400336952008400420952008400504 aDoyle/John M.  cBK aDigital switching timing circuits aDigital Switching & Timing Circuits bDuxbury PressaCalforniac1976 aENGLISH c29127d29127 001040708CRCaCRCEbCRCEd2023-03-17l0o p5118r2023-03-17w2023-03-17yBK 001040708CRCaCRCEbCRCEd2023-03-17l0o p5119r2023-03-17w2023-03-17yBK 001040708CRCaCRCEbCRCEd2023-03-17l0o p5120r2023-03-17w2023-03-17yBK 001040708CRCaCRCEbCRCEd2023-03-17l0o p5121r2023-03-17w2023-03-17yBK 001040708CRCaCRCEbCRCEd2023-03-17l0o p5122r2023-03-17w2023-03-17yBK